| 000 | 00512nam a2200241Ia 4500 | ||
|---|---|---|---|
| 003 | IT-RoPAU | ||
| 008 | 120407s9999 xx 000 0 und d | ||
| 040 | _aIT-RoPAU | ||
| 040 | _cIT-RoPAU | ||
| 041 | _aita | ||
| 100 | _aMarcello Bordoni | ||
| 245 | _aGesù nostra speranza | ||
| 250 | _aBologna | ||
| 260 | _aEDB | ||
| 260 | _c1988 | ||
| 300 | _a269 p. | ||
| 300 | _c24 cm | ||
| 490 | _aCorso di teologia sistematica | ||
| 490 | _v10 | ||
| 700 | _a Nicola Ciola | ||
| 942 | _cBK | ||
| 999 |
_c30992 _d30992 |
||